Responses for show #8068 - Wednesday, October 9, 2019

Contestants

Steven Reich, a graduate student from College Park, Maryland

Emily Shaw, a museum educator from Washington, D.C.

Jessica Garsed, a librarian from Augusta, Maine (whose 2-day cash winnings total $32,600)

Jeopardy! Round responses

A WEE BIT OF KIWI HISTORY
A NUMBER BETWEEN 1 & 100
NOT THE CAPITAL
SHOUTED MOVIE QUOTES, SAID MATTER-OF-FACTLY
(Alex: Name the movie.)
WEIRD FLEX
BUT "OK"
    $200 1
Captain Cook

Jessica
    $200 25
21

Emily
    $200 30
Sydney

Triple Stumper
    $200 17
A Streetcar Named Desire

Steven
    $200 28
vertebrae

Steven
    $200 29
a joke

Jessica
    $400 2
rugby

Steven
    $400 24
(Alex: Right. Minute to go.)

30

Steven
    $400 26
Anchorage

Steven
    $400 16
Jerry Maguire

Steven
    $400 27
contortionists

Steven
    $400 10
woke

Triple Stumper
    $600 3
(Jessica: What is [*]?)
[Jessica's response was ruled incorrect and the decision was reversed after the break]

Gallipoli (the Dardanelles campaign)

Jessica
    $600 23
15

Emily
    $1,500 19
(Alex: The team is [*] United.)

Manchester

Emily
    $600 13
300

Steven
    $600 4
hyperextended

Steven
    $600 11
a yoke

Steven
    $800 8
(Jessica: Who is Lord Melbourne?)

Abel Tasman

Jessica
Triple Stumper
    $800 7
(Alex: Union [*], right you are.)

76

Jessica
    $800 20
Bonn

Emily
    $800 14
Se7en

Steven
    $800 5
(Emily: What is dap?)
(Alex: Dap?)
(Emily: Dap?)
...
(Alex: One letter off, Emily. Sorry about that.)
[The image was an onscreen photo and not an Alex demonstration.]

dab

EmilySteven
    $800 12
a choker

Emily
    $1000 9
Auckland

Steven
    $1000 6
18

Triple Stumper
    $1000 21
(Steven: What is Windsor?)

Victoria (British Columbia)

Steven
Triple Stumper
    $1000 15
The Exorcist

Emily
    $1000 18
planking

Emily
    $1000 22
stoked

Emily

Scores at the first commercial break (after clue 15):

Jessica Emily Steven
$800 $1,000 $4,800

Scores at the end of the Jeopardy! Round:

Jessica Emily Steven
$1,000 $6,100 $5,800

Double Jeopardy! Round responses

LESSER-KNOWN NAMES ON THE ROAD
BUILDINGS
6-LETTER CROSSWORD CLUES
LIFE ON MARS
LITERARY CHARACTERS
CLASSIC TELEVISION
    $400 12
Oklahoma

Emily
    $400 13
(Alex: We're stumping you with [*]?)
[Laughter]
(Alex: My gosh, I can't believe it. The first clue, the easiest clue in the column.)

A-frame

Triple Stumper
    $400 11
Antarctica

Emily
    $400 1
Sherlock Holmes

Jessica
    $400 4
Monty Python

Jessica
    $800 18
Miami

Emily
    $800 14
a mausoleum

Triple Stumper
    $800 29
[The end-of-round signal sounds.]

Merlin

Steven
    $800 28
the Grand Canyon

Steven
    $800 2
Rhett Butler

Jessica
    $800 5
Phil Donahue

Jessica
    $1200 19
(Steven: What is Providence?)
(Jessica: What is Concord?)

Hartford

JessicaSteven
Triple Stumper
    $1200 15
(Emily: What is steel?)
...
(Alex: Yep, and it hasn't fallen yet.)

concrete

JessicaEmily
    $1200 24
parrot

Steven
    $1200 27
twilight

Jessica
    $1200 3
Jude the Obscure

Emily
    $1200 7
Bonanza

Jessica
    $1600 20
the Navy

Steven
    $1600 16
a terminal

Emily
    $1600 21
an abacus

Emily
    $5,000 25
(Alex: Steven?)
(Steven: What is Scout?)
...
(Alex: All right, we're running out of time.)

Pathfinder

Steven
    $1600 6
(Emily: What is The Heart is a Lonely Hunter?)

The Member of the Wedding

Emily
Triple Stumper
    $1600 8
Sanford and Son

Steven
    $2000 22
the Major Deegan

Emily
    $3,000 17
a minaret

Emily
    $2000 23
argent

Emily
    $2000 26
canals

Steven
    $2000 10
Charles Evrémonde (Charles Darnay)

Jessica
    $2000 9
Starsky and Hutch

Jessica

Scores at the end of the Double Jeopardy! Round:

Jessica Emily Steven
$9,800 $16,300 $7,600

[wagering suggestions for these scores]

Final Jeopardy! Round responses

HIT 1980s ALBUMS
(Alex: [After revealing Steven's response] The album was Graceland.)
StevenWho is Paul Simon?
$7,053
JessicaWho is Paul Simon?
$9,799
EmilyWho is Springsteen
$8,000
Paul Simon

Final scores:

Jessica Emily Steven
$19,599 $8,300 $14,653
3-day champion: $52,199 3rd place: $1,000 2nd place: $2,000

Game dynamics:

Coryat scores:

Jessica Emily Steven
$9,800 $14,400 $12,600
13 R,
2 W
17 R
(including 2 DDs),
3 W
19 R,
3 W
(including 1 DD)

Combined Coryat: $36,800

The J! Archive is created by fans, for fans. The Jeopardy! game show and all elements thereof, including but not limited to copyright and trademark thereto, are the property of Jeopardy Productions, Inc. and are protected under law. This website is not affiliated with, sponsored by, or operated by Jeopardy Productions, Inc. Join the discussion at JBoard.tv.